Online Catalogue and eLibrary

Purathana bharatheeya kanthawa (Record no. 1842)

MARC details
000 -LEADER
fixed length control field 00423nam a2200157Ia 4500
005 - DATE AND TIME OF LATEST TRANSACTION
control field 20250620005348.0
008 - FIXED-LENGTH DATA ELEMENTS--GENERAL INFORMATION
fixed length control field 240331s9999 xx 000 0 und d
020 ## - INTERNATIONAL STANDARD BOOK NUMBER
ISBN 955205558X
082 ## - DDC Classification
Item Number - Author Mark HIR
Class No. 305
100 ## - MAIN ENTRY--PERSONAL NAME
Personal name Hiripitiye Pangnakiththi, Himi
245 #0 - TITLE STATEMENT
Title Purathana bharatheeya kanthawa
260 ## - PUBLICATION, DISTRIBUTION, ETC.
Place of publication, distribution, etc. Colombo
Name of publisher, distributor, etc. S. Godage & Brothers
Date of publication, distribution, etc. 2002
300 ## - PHYSICAL DESCRIPTION
Extent (e.g. Volumes, Pages etc.) 140 p.,
500 ## - GENERAL NOTE
General note A book on Ancient Indian Women
942 ## - Koha item type (Biblio)
Koha item type Books in Stacks (Lending)
Holdings
Lost status Damaged status Collection code Home library Current library Shelving location Date acquired Full call number Accession Number Item type
    Lending WERC Library WERC Library Social Science Cupboard 03/31/2024 305.409 HIR 4772 Books in Stacks (Lending)

© WERC Library